| 000 | 01193nmm a2200421 a 4500 | ||
|---|---|---|---|
| 003 | AR-BaBNM | ||
| 005 | 20251128210401.0 | ||
| 008 | 080020s1996 ||||||||||||||000 | spa|| | ||
| 020 | _a84-359-0400-1 | ||
| 040 | _cAR-BaBNM | ||
| 100 | 1 | _aDíez Borque, José María | |
| 245 | 1 | 0 |
_aComentario de textos literarios _bmétodo y práctica |
| 250 | _a21ª ed. | ||
| 260 |
_aMadrid _bPlayor _c1996 |
||
| 300 | 0 | _a236 p. | |
| 500 | 0 | _aContiene referencias bibliográficas en p. 231 | |
| 600 | 1 | 4 | _aManrique, Jorge |
| 600 | 1 | 4 |
_aLeón, Luis de _d1527-1591 |
| 600 | 1 | 4 |
_aAleman, Mateo _d1547-1615 |
| 600 | 1 | 4 |
_aMeléndez Valdés, Juan _d1754-1817 |
| 600 | 1 | 4 |
_aHartzenbusch, Juan Eugenio _d1806-1880 |
| 600 | 1 | 4 |
_aPérez Galdós, Benito _d1843-1920 |
| 600 | 0 | 4 |
_aAzorín _d1873-1967 |
| 650 | 4 | _aRETORICA | |
| 650 | 4 | _aCRITICA LITERARIA | |
| 650 | 4 | _aRECURSOS LITERARIOS | |
| 650 | 4 | _aANALISIS LITERARIO | |
| 650 | 4 | _aLITERATURA ESPANOLA | |
| 650 | 4 | _aLINGUISTICA | |
| 650 | 4 | _aSEMANTICA | |
| 650 | 4 | _aGRAMATICA | |
| 650 | 4 | _aSINTAXIS | |
| 650 | 4 | _aMORFOLOGIA [LINGUISTICA] | |
| 653 | 0 | _aGRAMATICA TEXTUAL | |
| 655 | _aLITERATURA | ||
| 942 | _cBK | ||
| 998 | _cMARTIN | ||
| 999 |
_c15241 _d15241 |
||